<?xml version="1.0" encoding="UTF-8"?>
<record
    xmlns:xsi="http://www.w3.org/2001/XMLSchema-instance"
    xsi:schemaLocation="http://www.loc.gov/MARC21/slim http://www.loc.gov/standards/marcxml/schema/MARC21slim.xsd"
    xmlns="http://www.loc.gov/MARC21/slim">

  <leader>02689aam a2200397 a 4500</leader>
  <controlfield tag="001">001381587</controlfield>
  <controlfield tag="003">AR-BeUNQ</controlfield>
  <controlfield tag="005">20250407150049.0</controlfield>
  <controlfield tag="007">ta</controlfield>
  <controlfield tag="008">161213s2015    ag     gr     001 j spa  </controlfield>
  <datafield tag="015" ind1=" " ind2=" ">
    <subfield code="a">AR-2015</subfield>
  </datafield>
  <datafield tag="020" ind1=" " ind2=" ">
    <subfield code="a">9789871768233</subfield>
  </datafield>
  <datafield tag="040" ind1=" " ind2=" ">
    <subfield code="a">AR-BeUNQ</subfield>
    <subfield code="b">spa</subfield>
    <subfield code="c">AR-BeUNQ</subfield>
    <subfield code="e">aacr</subfield>
  </datafield>
  <datafield tag="043" ind1=" " ind2=" ">
    <subfield code="a">s-ag---</subfield>
  </datafield>
  <datafield tag="044" ind1=" " ind2=" ">
    <subfield code="a">ag</subfield>
    <subfield code="c">ar-c</subfield>
  </datafield>
  <datafield tag="082" ind1=" " ind2=" ">
    <subfield code="2">21</subfield>
    <subfield code="a">A863/MUZ</subfield>
    <subfield code="b">62951</subfield>
  </datafield>
  <datafield tag="100" ind1="1" ind2=" ">
    <subfield code="a">Muzzio, Diego,</subfield>
    <subfield code="d">1969-</subfield>
    <subfield code="e">autor</subfield>
    <subfield code="4">aut</subfield>
  </datafield>
  <datafield tag="245" ind1="1" ind2="4">
    <subfield code="a">Las esferas invisibles :</subfield>
    <subfield code="b">El intercesor ; El ata&#xFA;d de &#xE9;bano ; La ruta de la mangosta /</subfield>
    <subfield code="c">Diego Muzzio.</subfield>
  </datafield>
  <datafield tag="250" ind1=" " ind2=" ">
    <subfield code="a">1a ed.</subfield>
  </datafield>
  <datafield tag="260" ind1=" " ind2=" ">
    <subfield code="a">Buenos Aires :</subfield>
    <subfield code="b">Entrop&#xED;a,</subfield>
    <subfield code="c">2015.</subfield>
  </datafield>
  <datafield tag="300" ind1=" " ind2=" ">
    <subfield code="a">216 p. ;</subfield>
    <subfield code="c">17 cm.</subfield>
  </datafield>
  <datafield tag="490" ind1="1" ind2=" ">
    <subfield code="a">Nouvelle</subfield>
  </datafield>
  <datafield tag="505" ind1="0" ind2=" ">
    <subfield code="a">El intercesor -- El ata&#xFA;d de &#xE9;bano -- La ruta de la mangosta.</subfield>
  </datafield>
  <datafield tag="520" ind1="3" ind2=" ">
    <subfield code="a">&#xAB;Si el terror irrumpi&#xF3; en la literatura del siglo XVIII para contraponer la potencia latente de lo inexplicable por sobre la fe racionalista de la Ilustraci&#xF3;n, estas tres nouvelles de Diego Muzzio encuentran el momento preciso en que esas fuerzas colisionan en la historia local: el brote de fiebre amarilla que diezm&#xF3; a la poblaci&#xF3;n porte&#xF1;a en 1871. Esta epidemia, que puso en crisis a una ciudad que pretend&#xED;a dejar de ser una aldea barrosa para convertirse en una urbe cosmopolita, es el punto de partida de las tres ficciones de &#x201C;Las esferas invisibles&#x201D;. En &#x201C;El intercesor&#x201D;, el relato g&#xF3;tico hace un inesperado desembarco en los fortines criollos que delimitan los contornos de la pampa rosista y los territorios a&#xFA;n ind&#xF3;mitos del indio. &#x201C;El ata&#xFA;d de &#xE9;bano&#x201D; lleva a dos desertores devenidos marginales de los bajos fondos porte&#xF1;os al encuentro de lo m&#xED;stico y lo trascendental. &#x201C;La ruta de la mangosta&#x201D;, finalmente, construye una cu&#xF1;a para volver inestable la relaci&#xF3;n entre la imaginer&#xED;a sobre la muerte y el padecimiento de la eternidad. Los tres textos permanecen enhebrados por una apuesta radical en su persistencia: la actualizaci&#xF3;n de un modo de contar que hunde sus ra&#xED;ces en tradiciones fundantes de la narrativa moderna y decanta con naturalidad, cada vez, en el tono necesario.&#xBB;</subfield>
    <subfield code="c">(Descripci&#xF3;n del editor).</subfield>
  </datafield>
  <datafield tag="650" ind1=" " ind2="4">
    <subfield code="a">Epidemias</subfield>
    <subfield code="z">Buenos Aires</subfield>
    <subfield code="v">Cuentos</subfield>
    <subfield code="2">tell</subfield>
  </datafield>
  <datafield tag="650" ind1=" " ind2="4">
    <subfield code="a">Fiebre amarilla</subfield>
    <subfield code="z">Buenos Aires</subfield>
    <subfield code="v">Cuentos</subfield>
  </datafield>
  <datafield tag="651" ind1=" " ind2=" ">
    <subfield code="2">unescot</subfield>
    <subfield code="a">Argentina</subfield>
  </datafield>
  <datafield tag="655" ind1=" " ind2="4">
    <subfield code="a">Cuento de terror</subfield>
  </datafield>
  <datafield tag="700" ind1="1" ind2=" ">
    <subfield code="a">Muzzio, Diego,</subfield>
    <subfield code="d">1969-</subfield>
    <subfield code="t">El intercesor</subfield>
  </datafield>
  <datafield tag="700" ind1="1" ind2=" ">
    <subfield code="a">Muzzio, Diego,</subfield>
    <subfield code="d">1969-</subfield>
    <subfield code="t">Ata&#xFA;d de &#xE9;bano</subfield>
  </datafield>
  <datafield tag="700" ind1="1" ind2=" ">
    <subfield code="a">Muzzio, Diego,</subfield>
    <subfield code="d">1969-</subfield>
    <subfield code="t">Ruta de la mangosta</subfield>
  </datafield>
  <datafield tag="830" ind1=" " ind2="0">
    <subfield code="a">Nouvelle (Entrop&#xED;a)</subfield>
  </datafield>
  <datafield tag="929" ind1=" " ind2=" ">
    <subfield code="a">DONACION</subfield>
    <subfield code="b">Ministerio de Educaci&#xF3;n de la Provincia de Buenos Aires</subfield>
    <subfield code="c">0</subfield>
    <subfield code="d">0</subfield>
    <subfield code="e">7/04/2025</subfield>
    <subfield code="f">PAT0082647</subfield>
    <subfield code="h">1</subfield>
    <subfield code="j">62951</subfield>
  </datafield>
  <datafield tag="942" ind1=" " ind2=" ">
    <subfield code="c">LIB</subfield>
  </datafield>
  <datafield tag="999" ind1=" " ind2=" ">
    <subfield code="c">1237</subfield>
    <subfield code="d">1237</subfield>
  </datafield>
  <datafield tag="952" ind1=" " ind2=" ">
    <subfield code="0">0</subfield>
    <subfield code="1">0</subfield>
    <subfield code="a">BIBESET</subfield>
    <subfield code="b">BIBESET</subfield>
    <subfield code="c">circulacion</subfield>
    <subfield code="d">2025-04-07</subfield>
    <subfield code="l">0</subfield>
    <subfield code="o">A863/MUZ</subfield>
    <subfield code="p">62951</subfield>
    <subfield code="r">2025-04-07</subfield>
    <subfield code="t">1</subfield>
    <subfield code="w">2025-04-07</subfield>
    <subfield code="y">LIB</subfield>
    <subfield code="k">PK</subfield>
  </datafield>
</record>
